Informační analýza dokumentu /

Salvato in:
Dettagli Bibliografici
Autore principale: Hyhlíková, Věra (Autore)
Natura: Libro
Lingua:ceco
Pubblicazione: Praha : UVTEI, 1984
Tags: Aggiungi Tag
Nessun Tag, puoi essere il primo ad aggiungerne!!

MARC

LEADER 00000nam a22000003a 4500
001 stu37039
005 20150617225727.0
008 920629s1984----cs------------------cze-d
040 |a STU  |b slo 
041 0 |a cze 
044 |a cs 
100 1 |a Hyhlíková, Věra  |4 aut 
245 1 |a Informační analýza dokumentu /  |c [aut.]Věra Hyhlíková 
260 |a Praha :  |b UVTEI,  |c 1984 
300 |a 80 s 
996 |b 284M034884  |c M*2052-1  |l MMKN  |s A  |a 24  |w stu37039_0001